Obras completas / (Record no. 179946)

MARC details
000 -LEADER
campo de control de longitud fija 00872nam a2200241 i 4500
001 - NÚMERO DE CONTROL
campo de control 179946
003 - IDENTIFICADOR DE NÚMERO DE CONTROL
campo de control ES-MaACL
005 - FECHA Y HORA DE LA ÚLTIMA TRANSACCIÓN
campo de control 20230906220941.0
008 - DATOS DE LONGITUD FIJA--INFORMACIÓN GENERAL
campo de control de longitud fija 120306s1997 sp |||| | spa d
020 ## - NÚMERO INTERNACIONAL ESTÁNDAR DEL LIBRO
Número Internacional Estándar del Libro 84-7506-418-3
080 ## - NÚMERO DE LA CLASIFICACIÓN DECIMAL UNIVERSAL
Número de la Clasificación Decimal Universal 821.134.2-82"15"
100 1# - ENTRADA PRINCIPAL--NOMBRE DE PERSONA
Nombre de persona Torquemada, Antonio de.
9 (RLIN) 110698
245 10 - MENCIÓN DEL TÍTULO
Título Obras completas /
Mención de responsabilidad, etc. Antonio de Torquemada.
260 ## - PUBLICACIÓN, DISTRIBUCIÓN, ETC.
Lugar de publicación, distribución, etc. Madrid :
Nombre del editor, distribuidor, etc. Turner,
Fecha de publicación, distribución, etc. [1997]
300 ## - DESCRIPCIÓN FÍSICA
Extensión 2 v. ;
Dimensiones 23 cm.
490 1# - MENCIÓN DE SERIE
Mención de serie Biblioteca Castro
505 8# - NOTA DE CONTENIDO CON FORMATO
Nota de contenido con formato Contiene: 1: Manual de escribientes ; Coloquios satíricos ; Jardín de flores curiosas / edición y prólogo de Lina Rodríguez Cacho - 2: Don Olivante de Laura / edición y prólogo de Isabel Muguruza
700 1# - ENTRADA AGREGADA--NOMBRE PERSONAL
Nombre de persona Rodríguez Cacho, Lina.
9 (RLIN) 98396
700 1# - ENTRADA AGREGADA--NOMBRE PERSONAL
Nombre de persona Muguruza, Isabel.
9 (RLIN) 149521
830 0# - PUNTO DE ACCESO ADICIONAL DE SERIE-TÍTULO UNIFORME
Título uniforme Biblioteca Castro
9 (RLIN) 178957
852 ## - LOCALIZACIÓN
Ubicación ES-MaACL
Número de control de estantería L-29817-18
Holdings
Estatus retirado Estado de pérdida Estado de daño No para préstamo Biblioteca de origen Biblioteca actual Ubicación en estantería Fecha de adquisición Fuente de adquisición Total de préstamos Signatura topográfica completa Código de barras Visto por última vez Precio de reemplazo Tipo de ítem Koha
        Biblioteca del Ateneo de Madrid Biblioteca del Ateneo de Madrid Depósito 2 06/03/2012     L-29817-18 1189047 23/02/2023 23/02/2023 Libro impreso